States with the Biggest Swings to the Democrats in the 2016 Presidential Election - Statistics

General Stats
  • This quiz has been taken 106 times
  • The average score is 5 of 8
Answer Stats
% swing state / dist % Correct
6.99 California
83%
6.80 Texas
82%
2.69 Georgia
74%
5.52 Arizona
72%
1.44 Virginia
68%
29.96 Utah
57%
4.06 Massachusetts
50%
2.78 Dist of Columbia
30%
No matching quizzes found
Score Distribution
Percent of People with Each Score
Percentile by Number Answered
Your Score History
You have not taken this quiz